000 00746nam a22002057a 4500
999 _c2763
_d2763
003 AR-CdUCM
008 190305b ||||| |||| 00| 0 spa d
040 _aMUNICIPALIDAD PROVINCIAL DEL CUSCO
_cBIBLIOTECA MUNICIPAL DEL CUSCO
082 _a374.01 /
_bM63
100 _aMiranda Zambrano, Elvio
_99636
245 _aCalidad para la enseñanza del lenguaje :
_bnueva tecnología para el docente /
260 _aCusco :
_bALPHA EIRL,
_c1996.
300 _a389 páginas ;
_c20 cm.
505 _aTecnología y lenguaje oral -- Revisión de lo pre-requisitos indispensable -- Tecnología didáctica...
650 _aPedagogía.
_91560
650 _aLenguaje oral.
_99637
650 _aLengua.
_92065
942 _2ddc
_cLIBROS
945 _awfj
_d2019-03-05